000 00743nam a2200229Ia 4500
003 OSt
005 20241202123714.0
008 210716s1998 xx 000 0 und d
020 _a0751740756
040 _cAIMIT LIBRARY
041 _aeng
082 _a658.802
_21
_bPEAD
100 _aPearson, David.
_9187334
245 _aCIM strategic marketing management :
_banalysis and decision /
_cBy David Pearson.
250 _a1st ed.
260 _aLondon :
_bBPB Publications ,
_c1998.
300 _aviii,666p. ;
_bPB
_c30 cm
650 _aThe CIM case study examination
_9187335
650 _aHow to analyse the CIM case study
_9187336
650 _aLearning from experience :ensuring you pass
_9187337
942 _2ddc
_cBK
_e1st
_k658.802 PEAD
999 _c201963
_d201963